Statistiken für Kombinierte Flaggen #1

Klicken Sie hier um das Quiz zu spielen!

Allgemein

  • Dieses Quiz wurde 114 mal gespielt
  • Das Durchschnittsergebnis liegt bei 10 aus 16

Antwortstatistiken

Antwort% Korrekt
Belgien + Barbados
90%
Südkorea + Japan
89%
Irland + Indien
86%
Österreich + Argentinien
80%
Nordmazedonien + Brasilien
72%
Kosovo + Zypern
71%
Kolumbien + Venezuela
69%
Kuba + Tunesien
69%
Polen + Wales
69%
Monaco + San Marino
65%
Südafrika + Osttimor
57%
Sambia + Deutschland
55%
Togo + Uganda
50%
Burkina Faso + China
49%
Marshallinseln + Taiwan
24%
Georgien + Guernsey
16%

Verteilung der Resultate

Perzentil nach korrekt beantworteten Fragen

Anzahl Personen mit jedem Resultat

Ihre Resultats-Entwicklung

Sie haben dieses Quiz noch nicht gespielt